000 00507nam a2200181Ia 4500
003 GCL
008 140319s9999 xx 000 0 eng d
020 _a1565298373
040 _aGCL /
_cGCL
082 0 4 _a005.13
_bT S
100 1 _aTOUPIN, EDEARD
245 1 0 _aUSING TURBO C++ 405 FOR WINDOWS :
_bSPECIAL EDITION /
_cTOUPIN, EDEARD
260 _aنيويورك :
_bWIFERT, JOSEPHY B. ،
_c1959
300 _a865 P ؛
_c24 cm.
650 0 4 _aCOMPUTER PROCESSING
650 0 4 _aTURBO C
942 _2ddc
_cBK
999 _c10794
_d10794